000 02886nam a22002537a 4500
008 251112b |||||||| |||| 00| 0 eng d
020 _a9788411070843
040 _ctbs
041 _aspa
050 _aPQ6653
_b.E62C37 2022
100 _aCercas, Javier
_d1962-
_925458
_eauthor
245 _aEl castillo de Barbazul :
_c/ Javier Cercas.
260 _aBarcelona :
_bTusquets Editores,
_c2022.
300 _a397 pages ;
_c23 cm.
490 _aTerra Alta
_vbk. 3
520 _aAños después de lo ocurrido en Independencia, Melchor Marín ya no es policía: trabaja como bibliotecario y vive con su hija Cosette, convertida en una adolescente. Un día, Cosette descubre que su padre le ha ocultado cómo murió su madre, y este hecho la confunde y la subleva. Poco después parte de vacaciones a Mallorca, pero no regresa; tampoco contesta los mensajes ni las llamadas de Melchor, quien, convencido de que algo malo ha ocurrido, decide plantarse en la isla en busca de ella. A partir de aquí la novela se adentra en un laberinto absorbente, a la vez siniestro y luminoso, donde Melchor descubre que los seres humanos somos capaces de lo peor, pero también de lo mejor: que vivimos rodeados de violencia, mentiras, abusos de poder y cobardía, pero que también hay gente capaz de jugárselo todo por una causa justa. Astuta y felizmente disfrazada de novela de aventuras, El castillo de Barbazul acaba de desenmascarar las novelas de la Terra Alta como lo que son: el proyecto literario más ambicioso de Javier Cercas.
520 _aYears after the events of Independencia, Melchor Marín is no longer a police officer. He now works as a librarian and lives with his daughter, Cosette, who has become a teenager. One day, Cosette discovers that her father has hidden the truth about how her mother died—a revelation that confuses and enrages her. Shortly afterward, she leaves for a vacation in Mallorca but never returns; she doesn’t answer Melchor’s calls or messages. Convinced that something terrible has happened, he sets out for the island to find her. From there, the novel plunges into a gripping labyrinth—both dark and full of light—where Melchor discovers that human beings are capable of the worst, but also of the very best: that we live surrounded by violence, lies, abuses of power, and cowardice, yet there are still people willing to risk everything for a just cause. Cleverly and delightfully disguised as an adventure novel, The Bluebeard’s Castle ultimately reveals the Terra Alta series for what it truly is: Javier Cercas’s most ambitious literary project.
650 0 _aMissing persons
_vFiction
_924148
650 0 _aEx-police officers
_zSpain
_vFiction
_926497
650 0 _aFathers and daughters
_vFiction
_922885
655 0 _aDetective and mystery fiction
_923664
655 0 _aAction and adventure fiction
_922721
942 _2lcc
999 _c5177
_d5177